000 00502nam a2200169 i 4500
001 84959
003 ES-MaACL
005 20230906175143.0
007 t|
008 041124s1963 sp ||||1| spa d
100 1 _aJomin, Henry.
_966818
245 1 0 _aVisión cristiana de la China roja /
_cHenry Jomin ; [traducción efectuada por Rosa Armet].
260 _a[Madrid] :
_bEuramérica,
_c[1963]
300 _a255 p. ;
_c18 cm.
700 1 _aArmet, Rosa.
_922974
852 _aES-MaACL
_jC-25522
_bR.54113
999 _c84959
_d84959